| 000 | 00373nam a2200157Ia 4500 | ||
|---|---|---|---|
| 008 | 160316s1973 xxu||||| |||| 00| 0 eng d | ||
| 082 |
_a341.770000 _bSHU |
||
| 100 | _aShubber Sami | ||
| 245 | _aJurisdiction over crimes on board aircraft | ||
| 250 | _a | ||
| 260 |
_aThe Hague _bMartinus Nijhoff _c1973 |
||
| 300 |
_a369p _b _c |
||
| 365 | _b | ||
| 650 | _a | ||
| 700 |
_a _a |
||
| 999 |
_c9882 _d9882 |
||